[Event "Let's Play Chess!"]
[Site "http://www.queenalice.com/game.php?id=728863"]
[Date "2010.2.9"]
[Round "-"]
[White "michas"]
[Black "math"]
[Result "0-1"]
[WhiteElo "1800"]
[BlackElo "1962"]

1. Nc3 d5 2. b3 c6 3. e3 Nf6 4. Bb2 Bf5 5. Nf3 Nbd7 6. Nh4 Bg4 7. Be2 Bxe2 8.
Qxe2 e5 9. O-O-O g6 10. f4 e4 11. g4 Bg7 12. Nxd5 cxd5 13. g5 Nh5 14. Bxg7 Nxg7
15. Qb5 Qe7 16. Qxb7 Nb6 17. Qc6+ Qd7 18. Qc3 O-O 19. Qb2 Qg4 20. f5 Qxh4 21.
fxg6 fxg6 22. Rdg1 Qf2 23. Rf1 Qxf1+ 24. Rxf1 Rxf1# 0-1

[Event "Let's Play Chess!"]
[Site "http://www.queenalice.com/game.php?id=729157"]
[Date "2010.2.10"]
[Round "-"]
[White "agargent"]
[Black "math"]
[Result "0-1"]
[WhiteElo "1966"]
[BlackElo "1948"]

1. e4 d5 2. exd5 Qxd5 3. Nc3 Qd8 4. d4 Nf6 5. Bc4 Bg4 6. Nf3 e6 7. O-O c6 8. Be3
Bd6 9. h3 Bh5 10. Bd3 Nbd7 11. Bg5 Qc7 12. Ne4 Be7 13. Re1 O-O 14. g4 Bg6 15. h4
h6 16. Bxf6 Nxf6 17. Nxf6+ Bxf6 18. h5 Bxd3 19. Qxd3 Rad8 20. c3 c5 21. Qe3 cxd4
22. cxd4 Qb6 23. Rad1 Qxb2 24. Re2 Qb5 25. Red2 Bg5 26. Nxg5 Qxg5 27. Qxg5 hxg5
28. Re2 Rd5 29. Re5 Rfd8 30. Rxd5 Rxd5 31. f3 Kh7 32. Kf2 e5 33. Ke3 Rxd4 34.
Rxd4 exd4+ 35. Kxd4 g6 36. Kc5 gxh5 37. gxh5 Kh6 38. Kd5 b5 39. Kc5 f5 40. Kxb5
g4 0-1

[Event "AUTO-MASTER-1043"]
[Site "http://www.queenalice.com/game.php?id=731658"]
[Date "2010.2.14"]
[Round "1"]
[White "jartuga99"]
[Black "math"]
[Result "1-0"]
[WhiteElo "2106"]
[BlackElo "1952"]

1. e4 d5 2. e5 c5 3. Nf3 Bf5 4. d3 Nc6 5. h3 e6 6. c3 Nge7 7. g4 Bg6 8. h4 h6 9.
h5 Bh7 10. Bg2 Qc7 11. d4 cxd4 12. cxd4 Nc8 13. O-O Be7 14. Nc3 a6 15. a3 N8a7
16. Be3 O-O 17. Rc1 Qd7 18. Na4 Bd8 19. Nh2 Nc8 20. f4 Nb6 21. Nc5 Qe7 22. b4
Nc4 23. Rc3 Bb6 24. g5 hxg5 25. Ng4 Nxe3 26. Rxe3 Bf5 27. h6 gxh6 28. Nxh6+ Kg7
29. fxg5 Qxg5 30. Nxf5+ exf5 31. Qb3 Nxd4 32. Qc3 f4 33. Qxd4 1-0

[Event "AUTO-MASTER-1043"]
[Site "http://www.queenalice.com/game.php?id=731659"]
[Date "2010.2.14"]
[Round "1"]
[White "math"]
[Black "jartuga99"]
[Result "0-1"]
[WhiteElo "1942"]
[BlackElo "2121"]

1. c4 Nf6 2. g3 c6 3. Bg2 g6 4. e3 Bg7 5. Nc3 O-O 6. Nge2 d5 7. d3 e6 8. O-O
dxc4 9. dxc4 b6 10. b3 Bb7 11. Bb2 Na6 12. Qxd8 Raxd8 13. Rfd1 Nc5 14. Rxd8 Rxd8
15. Rd1 Rxd1+ 16. Nxd1 Nd3 17. Bc3 e5 18. Nb2 Nc5 19. Bxe5 Ncd7 20. Bc3 h5 21.
Nd4 Nb8 22. Nd3 Ng4 23. h3 Ne5 24. Nxe5 Bxe5 25. Nxc6 Nxc6 26. Bxc6 Bxc6 27.
Bxe5 Kf8 28. Bb8 a6 29. h4 Ke7 0-1

[Event "AUTO-MASTER-1043"]
[Site "http://www.queenalice.com/game.php?id=731674"]
[Date "2010.2.14"]
[Round "1"]
[White "Mestre_Quin"]
[Black "math"]
[Result "1-0"]
[WhiteElo "2027"]
[BlackElo "1934"]

1. c4 d5 2. d4 c6 3. Nc3 dxc4 4. e3 Nf6 5. Bxc4 Bg4 6. f3 Bh5 7. h4 h6 8. Bd3 e6
9. g4 Bg6 10. Bxg6 fxg6 11. Qd3 Kf7 12. h5 g5 13. Nh3 c5 14. Qg6+ Ke7 15. Kf2
cxd4 16. exd4 Qe8 17. Qc2 Nc6 18. d5 Nb4 19. Qb3 Qb5 20. Bxg5 Nd3+ 21. Kg2 Qxb3
22. axb3 hxg5 23. Nxg5 Nf4+ 24. Kg3 N4xd5 25. Rhe1 Nc7 26. Re2 Nh7 27. Nxe6 Nxe6
28. Rae1 Ng5 29. f4 Kd6 30. Rd1+ Kc6 31. fxg5 Nxg5 32. Rc2 Bd6+ 33. Kg2 Ne6 34.
Ne4+ Kb5 35. Nxd6+ Kb6 36. Nc4+ Kb5 37. Rd5+ Kb4 38. Rd7 Kxb3 39. Rc3+ Kb4 40.
Rxb7+ Kc5 41. Nb6+ Kd4 42. Rd7+ Ke5 43. Re3+ Kf6 44. Nd5+ 1-0

[Event "AUTO-MASTER-1043"]
[Site "http://www.queenalice.com/game.php?id=731675"]
[Date "2010.2.14"]
[Round "1"]
[White "math"]
[Black "Mestre_Quin"]
[Result "1-0"]
[WhiteElo "1929"]
[BlackElo "2155"]

1. c4 e5 2. g3 Nc6 3. Bg2 g6 4. e3 Bg7 5. Ne2 Nge7 6. Nbc3 f5 7. d4 d6 8. O-O
O-O 9. a3 a5 10. Rb1 g5 11. b4 axb4 12. axb4 Ng6 13. b5 Nce7 14. f4 h6 15. Bb2
e4 16. Qb3 g4 17. Kf2 h5 18. Rh1 h4 19. gxh4 Nxh4 20. Rbg1 Neg6 21. Ng3 Be6 22.
d5 Bd7 23. Nh5 Bh8 24. Ne2 Kh7 25. Bxh8 Nxh8 26. Qc3 Qe7 27. h3 g3+ 28. Nhxg3
Ra2 29. Ra1 Rfa8 30. Rxa2 Rxa2 31. Ra1 Rxa1 32. Qxa1 b6 33. Nh5 N8g6 34. Nf6+
Kh6 35. Ng8+ 1-0

[Event "AUTO-MASTER-1043"]
[Site "http://www.queenalice.com/game.php?id=731686"]
[Date "2010.2.14"]
[Round "1"]
[White "math"]
[Black "SubRoger"]
[Result "1/2-1/2"]
[WhiteElo "1926"]
[BlackElo "2102"]

1. c4 Nf6 2. g3 g6 3. Bg2 Bg7 4. e3 c5 5. Nc3 a6 6. Nge2 Nc6 7. d3 O-O 8. Rb1 d6
9. a3 Bd7 10. O-O Qc8 11. b3 Rb8 12. Qd2 Bh3 13. b4 b6 14. Nf4 Bxg2 15. Kxg2 e6
16. Na2 Qb7 17. f3 Rfd8 18. a4 Ne5 19. e4 Qa8 20. b5 axb5 21. axb5 Qb7 22. Kf2
Ra8 23. Nc3 Ra7 24. Bb2 Rda8 25. Ra1 Rxa1 26. Rxa1 Rxa1 27. Bxa1 Ned7 28. Bb2
Nf8 29. Nce2 e5 30. Ng2 Ne6 31. h3 Nd7 32. f4 exf4 33. Ngxf4 Bxb2 34. Qxb2 Ndf8
35. h4 Qd7 36. Qf6 h5 37. Nc3 Nxf4 38. Qxf4 Ne6 39. Qf6 Qa7 40. Nd5 Qa2+ 41. Ke3
Qa7 42. Ne7+ Kf8 43. Nxg6+ Ke8 44. Qh8+ Kd7 45. Nf8+ Nxf8 46. Qxf8 Ke6 47. Qh6+
Ke7 48. Qxh5 Qa1 49. Qg5+ Ke8 50. Qf4 Qe1+ 51. Kf3 Qd1+ 52. Ke3 Qe1+ 1/2-1/2

[Event "AUTO-MASTER-1043"]
[Site "http://www.queenalice.com/game.php?id=731687"]
[Date "2010.2.14"]
[Round "1"]
[White "SubRoger"]
[Black "math"]
[Result "1-0"]
[WhiteElo "2077"]
[BlackElo "1974"]

1. d4 d5 2. c4 c6 3. Nc3 Nf6 4. g3 dxc4 5. Bg2 e6 6. Nf3 Nbd7 7. O-O Nb6 8. Bf4
Bd6 9. Bxd6 Qxd6 10. e4 Qd7 11. Qc2 O-O 12. Rad1 Qe7 13. Rfe1 Qc7 14. e5 Nfd5
15. a3 Bd7 16. Nd2 Be8 17. Nde4 h6 18. Qe2 Nxc3 19. bxc3 Nd5 20. Qg4 Qe7 21. Rc1
f5 22. exf6 Nxf6 23. Nxf6+ Rxf6 24. Re3 Qxa3 25. Rce1 Qa5 26. Rxe6 Bd7 27. Bh3
Bxe6 28. Rxe6 Raf8 29. Rxf6 Rxf6 30. Qc8+ Kh7 31. Be6 Qxc3 32. Bg8+ 1-0

[Event "AUTO-MASTER-1065"]
[Site "http://www.queenalice.com/game.php?id=743303"]
[Date "2010.3.8"]
[Round "1"]
[White "math"]
[Black "toninho89"]
[Result "1-0"]
[WhiteElo "1933"]
[BlackElo "1897"]

1. c4 e5 2. g3 Nf6 3. Bg2 d5 4. cxd5 Nxd5 5. e3 Nb4 6. Be4 Nd3+ 7. Bxd3 Qxd3 8.
Qe2 Bf5 9. Qxd3 Bxd3 10. b3 Nc6 11. a3 g6 12. Ne2 Bg7 13. Nbc3 e4 14. Bb2 Ne5
15. O-O-O O-O-O 16. Nf4 c6 17. Nce2 Bxe2 18. Nxe2 Nd3+ 19. Kb1 1-0

[Event "AUTO-MASTER-1065"]
[Site "http://www.queenalice.com/game.php?id=743305"]
[Date "2010.3.8"]
[Round "1"]
[White "math"]
[Black "ezekiel4a21"]
[Result "0-1"]
[WhiteElo "1948"]
[BlackElo "2364"]

1. c4 Nf6 2. g3 g6 3. Bg2 Bg7 4. e3 O-O 5. d4 c6 6. Nc3 d5 7. cxd5 cxd5 8. Nge2
Nc6 9. O-O Re8 10. a3 Bg4 11. Qd2 Rc8 12. b4 e5 13. dxe5 Nxe5 14. Nd4 Qd7 15. f4
Nc4 16. Qd3 Ne4 17. Nxe4 dxe4 18. Bxe4 Bxd4 19. exd4 f5 20. Bf3 Bxf3 21. Qxf3
Qxd4+ 22. Kh1 Qxa1 23. Be3 Qxf1+ 24. Qxf1 Nxe3 0-1

[Event "AUTO-MASTER-1081"]
[Site "http://www.queenalice.com/game.php?id=753712"]
[Date "2010.3.30"]
[Round "1"]
[White "math"]
[Black "ppeteleco"]
[Result "0-1"]
[WhiteElo "1954"]
[BlackElo "2318"]

1. c4 e5 2. g3 Nf6 3. Bg2 Bc5 4. e3 d5 5. cxd5 Nxd5 6. Ne2 O-O 7. d4 Bb4+ 8. Bd2
exd4 9. Nxd4 c5 10. Bxb4 Nxb4 11. Nc2 Qxd1+ 12. Kxd1 Rd8+ 13. Kc1 Nd3+ 14. Kd2
Nf4+ 0-1

[Event "AUTO-MASTER-1081"]
[Site "http://www.queenalice.com/game.php?id=753713"]
[Date "2010.3.30"]
[Round "1"]
[White "ppeteleco"]
[Black "math"]
[Result "1-0"]
[WhiteElo "2327"]
[BlackElo "1928"]

1. e4 d5 2. exd5 Qxd5 3. Nc3 Qd8 4. Nf3 Nf6 5. d4 Bg4 6. h3 Bh5 7. g4 Bg6 8. Ne5
Nbd7 9. Nxg6 hxg6 10. g5 Nh7 11. d5 Nb6 12. Be3 Qd6 13. Qf3 f6 14. O-O-O O-O-O
15. Nb5 Qe5 16. Bf4 Qf5 17. Bd3 Qd7 18. Bxc7 Nxg5 19. Qf4 Qxd5 20. Nxa7+ 1-0

[Event "AUTO-MASTER-1081"]
[Site "http://www.queenalice.com/game.php?id=753714"]
[Date "2010.3.30"]
[Round "1"]
[White "math"]
[Black "ycodark"]
[Result "0-1"]
[WhiteElo "1946"]
[BlackElo "2017"]

1. c4 c6 2. g3 Nf6 3. Bg2 d5 4. b3 Bf5 5. d3 e6 6. Bb2 Bd6 7. Nf3 O-O 8. O-O Qe7
9. cxd5 cxd5 10. Nh4 Bg4 11. Nd2 Nc6 12. f3 Bh5 13. g4 Bg6 14. Nxg6 hxg6 15. e4
Qc7 16. Qe2 Bxh2+ 17. Kf2 Qg3+ 0-1

[Event "AUTO-MASTER-1081"]
[Site "http://www.queenalice.com/game.php?id=753715"]
[Date "2010.3.30"]
[Round "1"]
[White "ycodark"]
[Black "math"]
[Result "0-1"]
[WhiteElo "1738"]
[BlackElo "1899"]

1. e4 d5 2. exd5 Qxd5 3. Nf3 Nf6 4. Nc3 Qd8 5. d4 Bg4 6. Be2 e6 7. h3 Bh5 8. O-O
Nbd7 9. Bg5 Be7 10. Re1 c6 11. Ne5 Bxe2 12. Rxe2 Nxe5 13. dxe5 Nd5 14. Bxe7 Qxe7
15. Ne4 O-O 16. c4 Nb6 17. Nd6 Rfd8 18. c5 Nd5 19. Qd4 Nc7 20. a4 Nd5 0-1

[Event "AUTO-MASTER-1081"]
[Site "http://www.queenalice.com/game.php?id=753716"]
[Date "2010.3.30"]
[Round "1"]
[White "math"]
[Black "jrafaelcc"]
[Result "0-1"]
[WhiteElo "1917"]
[BlackElo "2215"]

1. c4 Nf6 2. g3 g6 3. Bg2 Bg7 4. e3 d5 5. cxd5 Nxd5 6. Ne2 O-O 7. d4 Bg4 8. Qd2
c6 9. O-O Na6 10. a3 Nac7 11. Nbc3 Qd7 12. Nxd5 cxd5 13. Qd3 Bf5 14. Qd2 Rac8
15. b4 Ne6 16. Bb2 Rc2 17. Qd1 Rxb2 18. Nc3 Nc7 19. Rc1 Rc8 20. h3 Bxh3 21. Na4
Ra2 22. Nc5 Qg4 23. Bxh3 Qxh3 24. Qf3 b6 25. Nd3 Rxa3 26. Nf4 Qd7 27. Nxd5 Nxd5
28. Rxc8+ Qxc8 0-1

[Event "AUTO-MASTER-1081"]
[Site "http://www.queenalice.com/game.php?id=753717"]
[Date "2010.3.30"]
[Round "1"]
[White "jrafaelcc"]
[Black "math"]
[Result "1-0"]
[WhiteElo "2189"]
[BlackElo "1922"]

1. e4 d5 2. exd5 Qxd5 3. Nc3 Qd8 4. d4 Nf6 5. Nf3 Bg4 6. Be2 e6 7. h3 Bh5 8. Bg5
Be7 9. Qd2 Nbd7 10. O-O-O c6 11. Kb1 Nd5 12. Bxe7 Qxe7 13. Rhe1 N7b6 14. g4 Bg6
15. a3 Nxc3+ 16. Qxc3 Nd5 17. Qb3 b6 18. Ne5 Qd6 19. Bf3 O-O 20. h4 h6 21. g5
hxg5 22. hxg5 Bf5 23. Be4 Bxe4 24. Rxe4 Ne7 25. Qh3 f6 26. g6 1-0

[Event "AUTO-ADV-1645"]
[Site "http://www.queenalice.com/game.php?id=759461"]
[Date "2010.4.11"]
[Round "2"]
[White "math"]
[Black "alainbouley"]
[Result "0-1"]
[WhiteElo "1919"]
[BlackElo "1991"]

1. c4 e5 2. g3 Nf6 3. Bg2 d5 4. cxd5 Nxd5 5. e3 c6 6. Ne2 Be7 7. Nbc3 Be6 8.
Nxd5 cxd5 9. d4 f6 10. O-O O-O 11. b3 Nc6 12. Bb2 Qd7 13. dxe5 fxe5 14. f4 e4
15. Nd4 Bh3 0-1

[Event "AUTO-ADV-1645"]
[Site "http://www.queenalice.com/game.php?id=759462"]
[Date "2010.4.11"]
[Round "2"]
[White "alainbouley"]
[Black "math"]
[Result "1-0"]
[WhiteElo "1977"]
[BlackElo "1933"]

1. e4 d5 2. exd5 Qxd5 3. Nc3 Qd8 4. d4 Nf6 5. Bg5 Bg4 6. f3 Bf5 7. Bc4 e6 8. Qd2
Be7 9. O-O-O c6 10. Nge2 Nbd7 11. h4 h6 12. Bf4 Nb6 13. Bb3 Nfd5 14. g4 Bh7 15.
Nxd5 1-0